| 000 | 00640nam a2200169Ia 4500 | ||
|---|---|---|---|
| 008 | 090711s9999 xx 000 0 und d | ||
| 082 | _b79925 | ||
| 100 | _aभडकमकर अभिराम | ||
| 245 | _aज्याSाा त्याSाा प्रश्न | ||
| 260 |
_bकॉन्टीनेन्टल प्रकाशन _c1995 |
||
| 300 | _a74 | ||
| 600 | _aभडकमकर अभिराम | ||
| 630 | _aज्याSाा त्याSाा प्रश्न | ||
| 700 | _aभडकमकर अभिराम | ||
| 730 | _aज्याSाा त्याSाा प्रश्न | ||
| 942 | _cBOOK | ||
| 999 |
_c321185 _d321185 |
||